Good governance the capital market and the finance function: (Record no. 1499)

MARC details
000 -LEADER
fixed length control field 00592nam a22001697a 4500
003 - CONTROL NUMBER IDENTIFIER
control field OSt
005 - DATE AND TIME OF LATEST TRANSACTION
control field 20250812065407.0
008 - FIXED-LENGTH DATA ELEMENTS--GENERAL INFORMATION
fixed length control field 240627b |||||||| |||| 00| 0 eng d
020 ## - INTERNATIONAL STANDARD BOOK NUMBER
International Standard Book Number 9789719246640
040 ## - CATALOGING SOURCE
Original cataloging agency DWCL- Main Lib.
Transcribing agency OC
082 ## - DEWEY DECIMAL CLASSIFICATION NUMBER
Classification number Fil. 351.4 G646 2019
245 ## - TITLE STATEMENT
Title Good governance the capital market and the finance function:
Remainder of title concepts/issues/cases/
260 ## - PUBLICATION, DISTRIBUTION, ETC.
Place of publication, distribution, etc. Philippines :
Name of publisher, distributor, etc. FINEX Research and Development Foundation Inc.,c[2019]
Date of publication, distribution, etc. c[2019].
300 ## - PHYSICAL DESCRIPTION
Extent 198 pages :
Other physical details illustrations ;
Dimensions 23 cm.
650 ## - SUBJECT ADDED ENTRY--TOPICAL TERM
Topical term or geographic name entry element 1. Politics and Governance.
942 ## - ADDED ENTRY ELEMENTS (KOHA)
Source of classification or shelving scheme Dewey Decimal Classification
Koha item type Book-Filipiniana
Call number prefix Fil.
Suppress in OPAC No
952 ## - LOCATION AND ITEM INFORMATION (KOHA)
--
Holdings
Withdrawn status Lost status Source of classification or shelving scheme Damaged status Not for loan Home library Current library Shelving location Date acquired Source of acquisition Cost, normal purchase price Total Checkouts Full call number Barcode Date last seen Copy number Price effective from Koha item type Uniform Resource Identifier
    Dewey Decimal Classification     College Library College Library Filipiniana 10/17/2023 Donation 0.00   Fil. 351.4 G646 2019 CL53994 06/27/2024 c1 06/27/2024 BK - FIL